000 00474nab a2200145Ia 4500
003 ES-SlBCS
005 20220512165027.0
008 140529s1965 xxu||||| |||| 00| 0 ita d
041 _aita
100 1 _aStella, Vittorio
_959782
245 0 0 _aAspetti e tendenze dell'estetica italiana odierna (1945-1963)
_c Vittorio Stella
650 0 4 _aEstética Italiana Actual
_9199684
773 0 _tGiornali di Metafisica
_gvol. 20, nº. 1-2, 1965, págs. 30-81
_w0017-0372
942 _cAR
999 _c586973
_d586973